観光列車の愛称 - Statistics

General Stats
  • This quiz has been taken 149 times
  • The average score is 5 of 12
Answer Stats
Picture Answer % Correct
おいこっと
100%
ゆふいんの森
100%
とれいゆ つばさ
91%
SL銀河
83%
36ぷらす3
80%
えちごトキめきリゾート雪月花
77%
伊豆クレイル
75%
はなあかり
72%
フルーティアふくしま
67%
現美新幹線
67%
リゾートしらかみ
64%
ベル・モンターニュ・エ・メール
63%
THE ROYAL EXPRESS
63%
伊予灘ものがたり
58%
ひなび
53%
リゾートビューふるさと
50%
四国まんなか千年ものがたり
50%
いろは
50%
西武 旅するレストラン 52席の至福
50%
海里
46%
丹後あおまつ
46%
いさぶろう・しんぺい
46%
TOHOKU EMOTION
43%
丹後あかまつ
40%
奥出雲おろち号
40%
トロッコわっしー号
40%
丹後くろまつ
38%
リゾートみのり
36%
越乃Shu*Kura
36%
はやとの風
30%
藍よしのがわトロッコ
29%
etSETOra
29%
SATONO
27%
田園シンフォニー
25%
くしろ湿原ノロッコ号
25%
POKÉMON with YOU トレイン
20%
鉄道ホビートレイン
17%
ゆうすげ号
17%
志国土佐 時代の夜明けのものがたり
15%
里山トロッコ
11%
お座トロ展望列車
10%
ことこと列車
9%
○○のはなし
0%
ながまれ号
0%
きのくにシーサイド
0%
No matching quizzes found
Score Distribution
Percent of People with Each Score
Percentile by Number Answered
Your Score History
You have not taken this quiz